| 000 | 01127cab a2200229 4500 | ||
|---|---|---|---|
| 001 | A91 | ||
| 008 | 090401t1990 xxu||||| |||| 00| 0 eng d | ||
| 035 | _a(Sirsi) u32259 | ||
| 041 | _aeng | ||
| 100 | _aMahoney, R. | ||
| 245 | _aUnderneath a GIS | ||
| 260 | _c1990 | ||
| 350 | _a0 | ||
| 490 |
_aLand & Minerals Surveying _v8(1) January 1990, 19-22(4) |
||
| 520 | _aA wide variety of independent issues exist that are key to the successful introduction of a geographic information system operating with a large scale digital map base. Some of these issues are general, while others refer to unique problems encountered in specific areas. The common themes linking these topics are data compatibility and communications, both of which inevitably focus on standards. This article sets out the issues which must be resolved, in the interests of all users, before truly integrated systems and full exchange of data will operate in practice. | ||
| 650 | _aGIS | ||
| 650 | _aINTEGRATION | ||
| 690 | _aMANAGEMENT-BUSINESS MANAGEMENT-INFORMATION MANAGEMENT | ||
| 690 | _aLAND SURVEYING | ||
| 942 | _n0 | ||
| 948 | _c04/03/1997 | ||
| 999 |
_c21651 _d21651 |
||